000 00321nam a2200133Ia 4500
005 20260328101508.0
008 260328s9999||||xx |||||||||||||| ||und||
100 _aKunstwerk, Das
245 0 _aModerne Architektur /
_cDas Kunstwerk
260 _bWoldemar Klein
300 _a94 p.
650 _aARQUITECTURA
942 _cBK
999 _c9110
_d9110